000 00701nam a2200217 4500
001 124151
003 ES-MaACL
005 20250828061217.0
007 t|
008 070214s1979 sp r ||||1| spa d
020 _a84-7430-038-X
100 1 _aRamos Campos, Francisco.
_995291
245 1 0 _aIntroducción a la práctica de la educación psicomotriz :
_bfundamentos teóricos y prácticos de psicomotricidad /
_cFrancisco Ramos.
260 _aMadrid :
_bPablo del Río,
_c1979.
300 _a165 p. :
_bil. ;
_c21 cm.
490 1 _aAprendizaje
650 7 _aEducación psicomotriz
_2embne
_9147573
830 1 _aAprendizaje
_9178918
852 _aES-MaACL
_jA-10790
999 _c124151
_d124151